|
|
|
|
| LEADER |
00000cam a2200000 7i4500 |
| 001 |
0000075673 |
| 005 |
20130218093000.0 |
| 008 |
110802s2009 ua ara |
| 020 |
|
|
|a 9789953524764
|
| 050 |
0 |
0 |
|a K5001
|b .M39 2009
|
| 090 |
0 |
0 |
|a K5001
|b .M39 2009
|
| 100 |
1 |
|
|a موسوي، هاتف كاظم جاسم ,
|e author
|
| 241 |
1 |
0 |
|a Hudud al-sultah al-taqdiriyyah lil-idarah fi al-muzayadat al-'ammah : dirasah muqaranah
|
| 245 |
1 |
0 |
|a حدود السلطة التقديرية للادآرة في المزايدات العامة :
|b دراسة مقارنة
|c تأليف هاتف كاظم جاسم الموسوي
|
| 250 |
|
|
|a الطبعة 1
|
| 260 |
|
|
|a Bayrut :
|b Manshurat al-Halabi al-Huquqiyah ,
|c 2009
|
| 300 |
|
|
|a 312 p. :
|b 24 cm
|
| 504 |
|
|
|a Includes bibliographical references (p. 283-307)
|
| 650 |
|
0 |
|a Criminal justice, Administration of
|
| 999 |
|
|
|a 1000143196
|b Book
|c OPEN SHELF (30 DAYS)
|e Gong Badak Campus
|